[Event "Lippe Cup 04th"]
[Site "Lieme"]
[Date "2007.09.30"]
[Round "5"]
[White "Szobries, Harald"]
[Black "Hagedorn, Alfons"]
[Result "0-1"]
[WhiteElo "1898"]
[BlackElo "1827"]
[PlyCount "120"]
[EventDate "2007.09.28"]
[EventType "swiss"]
[EventRounds "5"]
[EventCountry "GER"]
[SourceTitle "EXT 2012"]
[Source "ChessBase"]
[SourceDate "2011.11.24"]
[SourceVersion "1"]
[SourceVersionDate "2011.11.24"]
[SourceQuality "1"]

1. g3 d5 2. Nf3 Nc6 3. Bg2 e5 4. d3 h6 5. Nbd2 Nf6 6. e4 d4 7. 0-0 Be6 8. a3 Qd7 9. Qe2 Bg4 10. b4 Bd6 11. Bb2 h5 12. Qe1 h4 13. Nxh4 g5 14. Nf5 Ne7 15. f3 Bxf5 16. exf5 Nxf5 17. Ne4 Nxe4 18. fxe4 Ne3 19. Rf2 Ng4 20. Rf5 Ne3 21. Rf2 0-0-0 22. Bc1 Ng4 23. Rf5 f6 24. h3 Ne3 25. Bxe3 dxe3 26. Qxe3 Qa4 27. Qd2 Be7 28. Rf2 a5 29. Qc3 Rd6 30. Kh2 Rc6 31. Qb3 Qxb3 32. cxb3 Rd8 33. Bf1 axb4 34. axb4 Bxb4 35. h4 Kd7 36. hxg5 fxg5 37. Rf7+ Ke6 38. Rh7 Rc2+ 39. Kh3 Kf6 40. Kg4 Kg6 41. Rh1 Rf8 42. Ra4 Bd6 43. d4 Rc3 44. d5 Rff3 45. Rg1 Bc5 46. Be2 Rf2 47. Rc4 Rxe2 48. Rxc3 Bxg1 49. Rxc7 Rxe4+ 50. Kf3 Rd4 51. Rxb7 Rxd5 52. Ke4 Rd4+ 53. Kxe5 Rg4 54. b4 Rxg3 55. b5 Rb3 56. Kd5 Rb4 57. Kc6 g4 58. Rb8 Kg5 59. Rg8+ Kf4 60. Rf8+ Kg3 0-1